| 000 | 00889pam a2200241 a 4500 | ||
|---|---|---|---|
| 001 | 1106510 | ||
| 005 | 20180208034849.0 | ||
| 008 | 930205s1993 nyu b 001 0 eng c | ||
| 010 | _a 93018395 | ||
| 020 | _a1850704872 | ||
| 040 |
_aDNLM/DLC _cDLC _dDLC |
||
| 041 | _aeng | ||
| 060 | _aWB 290 A365m 1993 | ||
| 080 | _a616.0751 ALD | ||
| 082 | 0 | 0 |
_a616.0751 ALD _220 |
| 100 | 1 | _a3 | |
| 101 | _aSHM | ||
| 245 | 1 | 4 |
_aThe medical interview : _cC. Knight Aldrich ; with a foreword by Edmund D. Pellegrino. |
| 504 | _aIncludes bibliographical references (p. 117-121) and index. | ||
| 906 |
_a7 _bcbc _corignew _d1 _eocip _f19 _gy-gencatlg |
||
| 942 |
_2ddc _cBK |
||
| 999 |
_c42085 _d42085 |
||